000 00309nam a22001337a 4500
005 20160520100121.0
008 160520b xxu||||| |||| 00| 0 eng d
041 _aeng
082 _b3377
100 _aMehta
_9845
245 _aBasic Electrical Engineering
650 _aDIPLOMA ENGINEERING
_9817
942 _cBK
999 _c1160
_d1160